000 00840nam a22002417a 4500
999 _c817
_d817
003 AR-CdUCM
008 190225b ||||| |||| 00| 0 spa d
040 _aMUNICIPALIDAD PROVINCIAL DEL CUSCO
_cBIBLIOTECA MUNICIPAL DEL CUSCO
082 _a987.041 /
_bB71
100 _aBolivar, Simón
_93093
245 _aProclamas y discursos del Libertador :
_bmandados por el gobierno de Venezuela /
260 _aCaracas :
_bTip. del Comercio,
_c1939.
300 _avii, 455 páginas ;
_bretratos ;
_c24 cm.
650 _aSimón Bolivar
_91694
650 _a1783-1830
_93094
650 _aOratoria
_91271
700 _aBarret de Nazaris, Esther (corección)
_93095
700 _aNavarro, Nicolás Eugenio
_93096
700 _aMendoza, Cristobal L
_93097
700 _aLecuna, Vicente
_93098
942 _2ddc
_cLIBROS
945 _araen
_d2019-02-25